00000000nam##2200000za#4500
0019.661978
003CaOODSP
00520210615120323
007ta
008150407|2000||||xxc|||||     f|0| 0 fre|d
020 |a0-662-65070-0
040 |aCaOODSP|bfre
041 |aeng
041 |afre
043 |an-cn---
0861 |aSE3-29/2000
1101 |aCanada.|bÉlections Canada. |bDirecteur général des élections du Canada.
24510|aLégislation électorale fédérale / |cPublié par le Directeur général des élections du Canada.
260 |aOttawa - Ontario : |bÉlections Canada. |c2000.
300 |a1 vol. en pagination multiple. ; |c28 cm. + |e1 carte pliée.
546 |aBilingue
563 |aFeuilles mobiles
590 |a00-33|b2000-08-18
69107|aSystème électoral|2gcpds
7760#|tFederal electoral legislation |w(CaOODSP)9.676673
791 |tFederal electoral legislation / |eeng|w(CaOODSP)9.661977